00664nam a2200241 a 4500001001300000003000900013005001700022008004100039020001000080082001300090100002000103245002000123260003400143300000800177500003500185505001700220650002100237700002000258902000800278942000700286952011400293999001500407nice12345678IN_TiNIC20260116012932.0050524s1988 dela grp 000 0 urd  ac10000a245bANW aAnwar, G S Sing aIhsasat-E-Anwar aDelhibMethodist Churchc1988 a47p aincludes index and biblioraphy2 aBibliography aChristian-Poetry1 aAnwar, G S Sing bSRS cBK 001040708StackRoom-aHMIbHMId2007-07-05g100.00l0o245 ANWp013938r2007-07-05v100.00w2005-05-24yBK c8963d8963